00379cam a2200121 a 4500020002600000040000800026082002600034100002000060245004100080260003600121300007400157650002600231 a0070333084 (acidfree) cDLC00a574 MCG 1996 A029 Or.1 aKalthoff, Klaus10aAnalysis of biological development / aNew York :bMcGraw-Hill,cc1996 a1 v. (various pagings), [8] p. of plates :bill. (some col.) ;c29 cm 0aDevelopmental biology